000 00306nam a2200085Ia 4500
245 0 _aThe forgotten Gospels : life and teachings of Jesus supplementary to the New Testament : a new translation
100 _a Newton, Tim London, 2009
_981223
942 _cBK
008 210817s9999 xx 000 0 und d
999 _c288217
_d288216